Normal view
MARC view
- الشعر العربي - تاريخ ونقد - إمرؤ القيس
Entry Topical Term
001 - CONTROL NUMBER
- control field: 14019
003 - CONTROL NUMBER IDENTIFIER
- control field: JO-AjAnu
005 - DATE AND TIME OF LATEST TRANSACTION
- control field: 20230606072536.0
008 - FIXED-LENGTH DATA ELEMENTS
- fixed length control field: 230606|| aca||aabn | a|a d
040 ## - CATALOGING SOURCE
- Original cataloging agency: JO-AjAnu
- Transcribing agency: JO-AjAnu
150 ## - HEADING--TOPICAL TERM
- Topical term or geographic name entry element: الشعر العربي - تاريخ ونقد - إمرؤ القيس
670 ## - SOURCE DATA FOUND
- Source citation: Work cat.: (JO-AjAnu)7206: تأليف أبو حمدة،محمد علي, author 14018, في التذوق الجمالي لمعلقة (إمرؤ القيس) (دراسة نقدية إبداعية)